Seminars in arthroplasty.

Bibliographic Details
Uniform Title:Seminars in arthroplasty (Online)
Format: Journal
Language:English
Published: Philadelphia, PA : W.B. Saunders Co.
[Maryland Heights, Mo.] : Elsevier Inc.
Subjects:
Online Availability: Check for online availability

MARC

Tag First Indicator Second Indicator Subfields
LEADER 00000cas a22000007a 4500
001 in00002641113
005 20151202114612.0
006 m f d
007 cr |||||||||||
008 050614c19909999pauqr poo 0 a0eng c
010 |a  2005215273 
022 0 |a 1558-4437  |l 1045-4527  |y 1045-4527  |2 1 
029 0 |a OCLCS  |b 8258 
029 1 |a AU@  |b 000028583049 
029 1 |a NLGGC  |b 304914800 
035 |a (OCoLC)ocm60626637 
035 |a (OCoLC)60626637 
037 |b Elsevier, Health Sciences Division, Order Fulfillment, 3251 Riverport Ln, Maryland Heights, MO 63043 United States 
040 |a OCLCS  |c OCLCS  |d NSD  |d OCLCQ  |d CUS  |d TXA  |d UtOrBLW 
042 |a nsdp  |a pcc 
049 |a TXAM 
050 1 4 |a RD686  |b .S46 Electronic 
060 4 |a W1  |b SE4877 
082 1 4 |a 617  |2 11 
130 0 |a Seminars in arthroplasty (Online) 
210 0 |a Semin. arthroplasty  |b (Online) 
222 0 |a Seminars in arthroplasty  |b (Online) 
245 1 0 |a Seminars in arthroplasty. 
264 1 |a Philadelphia, PA :  |b W.B. Saunders Co. 
264 1 |3 <2003>- :  |a [Maryland Heights, Mo.] :  |b Elsevier Inc. 
310 |a Quarterly 
336 |a text  |b txt  |2 rdacontent 
337 |a computer  |b c  |2 rdamedia 
338 |a online resource  |b cr  |2 rdacarrier 
362 1 |a Print began with: Vol. 1, no. 1 (July 1990). 
538 |a Mode of access: World Wide Web. 
588 |a Description based on: Vol. 14, no. 3 (July 2003); title from PDF introduction page (ScienceDirect, viewed May 10, 2011). 
588 |a Latest issue consulted: Vol. 22, no. 1 (Mar. 2011) (ScienceDirect, viewed May 10, 2011). 
500 |a Electronic resource. 
650 0 |a Arthroplasty  |v Periodicals. 
650 2 |a Arthroplasty  |v Periodicals. 
776 0 8 |i Print version:  |t Seminars in arthroplasty  |x 1045-4527  |w (DLC)sn 89007732  |w (OCoLC)20116321 
948 |a cataloged  |b h  |c 2011/5/10  |d c  |e spoltoratski  |f 3:11:30 pm  |g CF 
994 |a C0  |b TXA 
999 |a MARS 
999 f f |s eb2c97c4-59e5-3894-8923-1222173a2ece  |i 25dfef51-14ad-375d-a593-64e3866fa778  |t 0 
952 f f |a Texas A&M University  |b College Station  |c Electronic Resources  |d Available Online  |t 0  |e RD686 .S46  |g Electronic  |h Library of Congress classification 
998 f f |a RD686 .S46  |t 0  |l Available Online